|
|
|
|
| LEADER |
00910pam a22002658a 4500 |
| 001 |
00045844 |
| 008 |
161201s2015 ||||||Viesd |
| 005 |
20201012111003.0 |
| 020 |
# |
# |
|c 17000
|
| 041 |
0 |
# |
|a Vie
|
| 082 |
1 |
4 |
|a 372.21
|b GI108TR
|
| 100 |
# |
# |
|a Nguyễn, Ánh Tuyết
|
| 245 |
1 |
0 |
|a Giáo trình giáo dục hành vi văn hóa cho trẻ em (dưới 6 tuổi)
|c Nguyễn Ánh Tuyết
|
| 260 |
# |
# |
|a Hà Nội
|c 2006
|b Giáo dục
|
| 300 |
# |
# |
|a 112tr.
|c 28cm
|
| 500 |
# |
# |
|a ĐTTS ghi: Đại học Huế. Trung tâm đào tạo từ xa
|
| 541 |
# |
# |
|a photo
|
| 653 |
# |
# |
|a Dạy học
|
| 653 |
# |
# |
|a Giáo trình
|
| 653 |
# |
# |
|a Hành vi
|
| 653 |
# |
# |
|a Trẻ em
|
| 653 |
# |
# |
|a Văn hóa
|
| 852 |
# |
# |
|j KGT.0060492
|j KGT.0060493
|j KGT.0060494
|j KGT.0060495
|j KD.0027345
|
| 910 |
# |
# |
|d 12/10/2020
|
| 980 |
# |
# |
|a Trung tâm Học liệu Lê Vũ Hùng, Trường Đại học Đồng Tháp
|